| 000 | 00927nmc a2200349 a 4500 | ||
|---|---|---|---|
| 003 | AR-BaBNM | ||
| 005 | 20251128211254.0 | ||
| 008 | 243020s1998 ||||||||||||||000 | spa|| | ||
| 020 | _a987-96466-3-0 | ||
| 040 | _cAR-BaBNM | ||
| 100 | 1 | _aCalmels, Daniel | |
| 245 | 1 | 0 | _aEl cuerpo en la escritura |
| 250 | _a1ª ed. | ||
| 260 |
_aBuenos Aires _bD&B _c1998 |
||
| 300 | 0 |
_a125 p. _bil., fot., tablas |
|
| 490 | 0 | _aCapítulos de psicomotricidad | |
| 500 | 0 | _aNotas en p. 123 | |
| 600 | 1 | 4 | _aMerleau-Ponty, Maurice |
| 650 | 4 | _aPSICOMOTRICIDAD | |
| 650 | 4 | _aESCRITURA | |
| 650 | 4 | _aRELACION CUERPO-MENTE | |
| 650 | 4 | _aPSICOLOGIA DEL COMPORTAMIENTO | |
| 650 | 4 | _aPSICOLOGIA DE LA EDUCACION | |
| 650 | 4 | _aINTERDISCIPLINARIEDAD | |
| 650 | 4 | _aCUERPO HUMANO | |
| 650 | 4 | _aGRAFOLOGIA | |
| 650 | 4 | _aJUEGO | |
| 650 | 4 | _aIDENTIDAD | |
| 650 | 4 | _aDESARROLLO DE LA PERSONALIDAD | |
| 942 | _cBK | ||
| 998 | _cEugenia | ||
| 999 |
_c18942 _d18942 |
||